Interés propio e interés de clase: algunas funciones de los movimientos campesinos en América Latina /
Guardado en:
| Hovedforfatter: | |
|---|---|
| Format: | Texto |
| Fag: | |
| Tags: |
Tilføj Tag
Ingen Tags, Vær først til at tagge denne postø!
|
MARC
| LEADER | 00000 a a2200000 04500 | ||
|---|---|---|---|
| 001 | 44149 | ||
| 003 | |||
| 040 | |||
| 100 | |a Singelmann, Peter | ||
| 245 | |a Interés propio e interés de clase: |b algunas funciones de los movimientos campesinos en América Latina / |c Peter Singelmann | ||
| 650 | |a MOVIMIENTOS CAMPESINOS | ||
| 650 | |a TRUEQUE | ||
| 650 | |a AMERICA LATINA | ||
| 650 | |a ORGANIZACIONES CAMPESINAS | ||
| 773 | |g volumen35, número2 (1973), páginas 383-397 | ||
| 999 | |c 24795 |d 24795 | ||
